Ošetrovanie člena rodiny
Počas trvania pracovného pomeru môžu nastať situácie, kedy zamestnanec z objektívnych dôvodov nemôže v určitom období vykonávať prácu v súlade s pracovnou zmluvou, t.j. z dôvodov prekážok v práci. V prípade ošetrovania chorého člena rodiny patrí zamestnancovi peňažné plnenie - ošetrovné. Podmienky,...
Saved in:
| Main Author: | |
|---|---|
| Format: | Book Chapter |
| Language: | Slovak |
| Subjects: | |
| Tags: |
No Tags, Be the first to tag this record!
|
MARC
| LEADER | 00000naa a2200000 4500 | ||
|---|---|---|---|
| 001 | 0243930 | ||
| 005 | 20220707131457.2 | ||
| 041 | 0 | |a slo | |
| 044 | |a SK | ||
| 245 | 1 | 0 | |a Ošetrovanie člena rodiny |c Sandra Mrukviová Tomiová |
| 520 | |a Počas trvania pracovného pomeru môžu nastať situácie, kedy zamestnanec z objektívnych dôvodov nemôže v určitom období vykonávať prácu v súlade s pracovnou zmluvou, t.j. z dôvodov prekážok v práci. V prípade ošetrovania chorého člena rodiny patrí zamestnancovi peňažné plnenie - ošetrovné. Podmienky, kedy poistencovi vzniká nárok na ošetrovné. Výška ošetrovného. Uplatnenie nároku na ošetrovné. | ||
| 610 | 2 | 0 | |a zamestnanci |
| 610 | 2 | 0 | |a zamestnávatelia |
| 610 | 2 | 0 | |a poistenie nemocenské |
| 610 | 2 | 0 | |a poistníci |
| 610 | 2 | 0 | |a dávky poistenia nemocenského |
| 610 | 2 | 0 | |a prekážky v práci |
| 610 | 2 | 0 | |a ošetrovateľstvo |
| 100 | 1 | |a Mrukviová Tomiová, Sandra | |